[Event "Olympiad 98"]
[Site "Elista RUS"]
[Date "1998.09.29"]
[Round "01"]
[White "Khakpoor,A"]
[Black "Gulko,B"]
[Result "0-1"]
[WhiteElo "2290"]
[BlackElo "2585"]
[WhiteCountry "Iran"]
[BlackCountry "USA"]

1. e4 d6 2. d4 Nf6 3. Nc3 g6 4. Be3 c6 5. Qd2 b5 6. f3 Nbd7 7. O-O-O Bg7 8.
Bh6 Bxh6 9. Qxh6 b4 10. Nce2 e5 11. Kb1 Qe7 12. Qd2 a5 13. h4 Nb6 14. Nc1
Be6 15. Nh3 h6 16. g4 h5 17. g5 Nfd7 18. f4 O-O 19. Be2 Bxh3 20. Rxh3 exf4
21. Qxf4 a4 22. Rg3 Kg7 23. Rf1 Rae8 24. Bf3 c5 25. Qd2 Nc4 26. Qd3 Ndb6
27. Ne2 Rc8 28. Nf4 cxd4 29. Bxh5 Qxe4 30. Bd1 Rfe8 31. h5 Ne3 32. hxg6
Qxd3 33. Nh5+ Kh8 34. g7+ Kg8 35. cxd3 Nxf1 36. Nf6+ Kxg7 37. Nxe8+ Rxe8
38. Rg2 Re1 0-1

[Event "Olympiad 98"]
[Site "Elista RUS"]
[Date "1998.10.01"]
[Round "03"]
[White "Hoffman,A"]
[Black "Gulko,B"]
[Result "1/2-1/2"]
[WhiteElo "2525"]
[BlackElo "2585"]
[WhiteCountry "ARG"]
[BlackCountry "USA"]

1. d4 Nf6 2. Nf3 e6 3. e3 b6 4. Bd3 Bb7 5. O-O c5 6. c4 g6 7. Re1 cxd4 8.
exd4 Bg7 9. Nc3 O-O 10. Bg5 h6 11. Bh4 d6 12. Rc1 Nbd7 13. Nb5 Qe7 14. d5
e5 15. Nfd4 Nc5 16. Bb1 Qd7 17. Nc2 Nxd5 18. Nxd6 Qxd6 19. Ne3 f5 20. cxd5
e4 21. f3 f4 22. Nc4 Qxd5 23. Qxd5+ Bxd5 24. fxe4 Bxc4 25. Rxc4 Bxb2 26.
Bf2 Rfe8 27. a4 Be5 28. Kf1 Nb3 29. Rc6 Nd2+ 30. Ke2 Nxb1 31. Rxb1 Rac8 32.
Rbc1 Rxc6 33. Rxc6 Kf7 34. g3 fxg3 35. hxg3 h5 36. Kf3 Rd8 37. a5 Rd3+ 38.
Ke2 Rb3 39. axb6 axb6 40. Rxb6 Rxb6 41. Bxb6 Bxg3 42. Kf3 Bh4 43. Be3 Kf6
44. Bd4+ Ke6 45. Be3 Ke5 46. Bf4+ Kd4 47. Be3+ Kd3 48. Bh6 Be7 49. Bf4 Kc2
50. Bh6 Kd3 51. Bf4 h4 52. Bh6 h3 53. Kg3 Kxe4 54. Kxh3 Kf3 55. Bc1 Bd6 56.
Bg5 Bf4 57. Bd8 g5 1/2-1/2

[Event "Olympiad 98"]
[Site "Elista RUS"]
[Date "1998.10.06"]
[Round "08"]
[White "Gulko,B"]
[Black "Kolev,At"]
[Result "1-0"]
[WhiteElo "2585"]
[BlackElo "2550"]
[WhiteCountry "USA"]
[BlackCountry "BUL"]

1. c4 Nf6 2. Nc3 e5 3. Nf3 Nc6 4. g3 d5 5. cxd5 Nxd5 6. Bg2 Nb6 7. O-O Be7
8. a3 O-O 9. b4 Be6 10. d3 a5 11. b5 Nd4 12. Nd2 c6 13. bxc6 Nxc6 14. Rb1
a4 15. Bxc6 bxc6 16. Qc2 h5 17. Nf3 Nd7 18. Nxa4 Bg4 19. Ra1 Ra6 20. Be3
Qa8 21. Nc5 Bxc5 22. Bxc5 Nxc5 23. Qxc5 Bxf3 24. exf3 Ra5 25. Qc3 Rd8 26.
Rfe1 Rdd5 27. Re4 Rdc5 28. Rc4 Rxc4 29. dxc4 Qa7 30. Rd1 g6 31. Kg2 Qa8 32.
c5 Rxa3 33. Qxe5 Qf8 34. Qf6 Qg7 35. Qxc6 h4 36. Rd8+ Kh7 37. Rd7 1-0

[Event "Olympiad 98"]
[Site "Elista RUS"]
[Date "1998.10.10"]
[Round "11"]
[White "Short,N"]
[Black "Shabalov,A"]
[Result "1/2-1/2"]
[WhiteElo "2670"]
[BlackElo "2645"]
[WhiteCountry "ENG"]
[BlackCountry "USA"]

White: Nigel Short (2670)
Black: Alexander  Shabalov (2645)
1. e4 c5 2. Nf3 Nc6 3. Bb5 e6 4. O-O Nge7 5. c3 a6 6. Ba4 c4 7. d4
cxd3ep 8. Qxd3 Ng6 9. Bxc6 bxc6 10. c4 Be7 11. Nc3 Qc7 12. Be3 c5 13. Rad1 O-O 14. Rd2 f6 15. Rfd1 Rf7 16.
Qc2 Bf8 17. Qa4 Rb8 18. a3 Ne7 19. Ne1 Nc6 20. Nd3 Na5 21. Nc1 d6 22. N3e2 e5 23. Qc2 Be6 24. b3 Nc6 25.
Nc3 Nd4 26. Bxd4 cxd4 27. Nd5 Bxd5 28. cxd5 Qa5 29. Qa2 Rc8 30. b4 Qb5 31. Nd3 f5 32. exf5 Rxf5 33. a4
Qd7 34. Re1 Rc3 35. Qb1 Qf7 36. b5 axb5 37. Qxb5 Rg5 38. Kh1 Qg6 39. f3 Rh5 40. h3 Qg3 41. Rf1 Rf5 42. Re2
Rf7 1/2-1/2

[Event "Olympiad 98"]
[Site "Elista RUS"]
[Date "1998.10.11"]
[Round "12"]
[White "Shabalov,A"]
[Black "Itratescu,A"]
[Result "1-0"]
[WhiteElo "2645"]
[BlackElo "2540"]
[WhiteCountry "USA"]
[BlackCountry "ROM"]

White: Alexander Shabalov (2645)
Black: Andrei Istratescu (2540)
1. e4 c5 2. Nf3 d6 3. d4 cxd4 4. Nxd4 Nf6 5. Nc3 a6 6. Rg1 Nc6 7.
g4 e6 8. g5 Nd7 9. Be3 Qc7 10. f4 b5 11. Nxc6 Qxc6 12. Qd4 Bb7
13. a4 bxa4 14. Rxa4 e5 15. Qd1 exf4 16. Rc4 Nc5 17. Bxf4 Qb6
18. Be3 Qxb2 19. Nd5 Bxd5 20. Qxd5 Rd8 21. Rxc5 dxc5 22. Qc6+
Rd7 23. Bxa6 c4 24. Ke2 Bb4 25. Bb5 Qxc2+ 26. Kf3 Qd3 27. Ba4 f5
28. Rd1 1-0

[Event "Olympiad 98 W"]
[Site "Elista RUS"]
[Date "1998.10.02"]
[Round "04"]
[White "Belakovskaia,A"]
[Black "Schmid,S"]
[Result "0-1"]
[WhiteElo "2380"]
[BlackElo "2100"]
[WhiteCountry "USA"]
[BlackCountry "SWI"]

1. d4 Nf6 2. c4 g6 3. Nc3 Bg7 4. Nf3 0-0 5. e4 d6 6. Be2 e5 7. 0-0 Nc6 8. d5 Ne7 9. b4 a5 10. Ba3 Ne8 11. c5
f5 12. Qb3 Kh8 13. bxa5 Rxa5 14. Bb4 Ra8 15. Rfd1 Ng8 16. a4 Ngf6 17. Nd2 Rg8 18. c6 bxc6 19. dxc6 fxe4
20. Ndxe4 Nxe4 21. Nxe4 Qh4 22. f3 Rb8 23. Bc4 Rf8 24. Qa3 Nf6 25. Be1 Qh5 26. Ng3 Qh4 27. Qa2 Nh5 28.
Nf5 Qf6 29. Nxg7 Kxg7 30. Bf2 Nf4 31. Qd2 Nxg2 32. Kxg2 Qxf3+ 33. Kg1 Qg4+ 34. Kh1 Qxc4 35. Be3 Qe4+ 36.
Kg1 Qg4+ 37. Qg2 Rb2 38. Qxg4 Bxg4 39. Rdc1 Bf3 40. Ba7 Rg2+ 41. Kh1 Rg5# 0-1

[Event "Olympiad 98 W"]
[Site "Elista RUS"]
[Date "1998.10.02"]
[Round "04"]
[White "Bohrer,R"]
[Black "Krush,I"]
[Result "0-1"]
[WhiteElo "2015"]
[BlackElo "2275"]
[WhiteCountry "SWI"]
[BlackCountry "USA"]

1. d4 d5 2. Bf4 Nf6 3. Nf3 c5 4. c3 Qb6 5. b3 Nc6 6. e3 Bf5 7. Bd3 Bxd3 8. Qxd3 e6 9. 0-0 Be7 10. Nbd2 0-0
11. Rac1 Rfd8 12. Rfd1 Rac8 13. h3 h6 14. Qb1 cxd4 15. exd4 Ba3 16. Rc2 a5 17. Nf1 Ne4 18. Bc1 Be7 19. Bb2
a4 20. b4 Na7 21. Rd3 Rc7 22. Re2 Nb5 23. Ree3 Rdc8 24. Qe1 Nbd6 25. N3d2 Bg5 26. Rf3 Rc6 27. a3 Qd8 28.
Nb1 Nf5 29. g3 h5 30. Bc1 Bxc1 31. Qxc1 Ng5 32. Qd1 Nxf3+ 33. Rxf3 b5 34. Rf4 Qg5 35. Qf3 h4 36. Kh2 hxg3+
37. fxg3 g6 38. Qf2 Kg7 39. g4 Nd6 40. Nfd2 e5 41. dxe5 Qxe5 42. Kg2 Re8 43. Qd4 f6 44. h4 Rc7 45. Nf3
Qe2+ 46. Kg1 Qe3+ 47. Kg2 Qxd4 48. Rxd4 Ne4 49. Rxd5 Nxc3 50. Nxc3 Rxc3 51. Rd7+ Kg8 52. Rd6 Kf7 53.
Nd4 Rxa3 54. Nxb5 Rb3
55. Rd4 Re2+ 56. Kf1 Rc2 57. Rd7+ Ke8 0-1

[Event "Olympiad 98 W"]
[Site "Elista RUS"]
[Date "1998.10.03"]
[Round "05"]
[White "Grosar,K"]
[Black "Belakovskaia,A"]
[Result "0-1"]
[WhiteElo "2290"]
[BlackElo "2380"]
[WhiteCountry "SWI"]
[BlackCountry "USA"]

1. e4 c5 2. Nf3 d6 3. d4 cxd4 4. Nxd4 Nf6 5. Nc3 g6 6. Be2 Bg7 7. Be3 0-0 8. 0-0 Nc6 9. f4 Qb6 10. Qd3 Ng4
11. Nd5 Bxd4 12. Bxg4 Bxe3+ 13. Qxe3 Qxe3+ 14. Nxe3 Bxg4 15. Nxg4 b5 16. Rf2 a5 17. Rd1 b4 18. h4 a4 19.
h5 gxh5 20. Nh6+ Kh8 21. Rd5 Ra5 22. Nf5 Rc5 23. Rfd2 e6 24. Rxc5 dxc5 25. Rd6 Rc8 26. Ne3 Nd4 27. Kf2
Nb5 28. Rb6 a3 29. bxa3 Nxa3 30. Rb7 Kg7 31. f5 Kf6 32. fxe6 fxe6 33. Rxh7 Ke5 34. Rxh5+ Kxe4 35. Rh4+
Ke5 36. Ke2 Ra8 37. Nc4+ Nxc4 38. Rxc4 Kd5 39. Rh4 Rxa2 40. Kd3 Ra3+ 41. Kd2 Rg3 42. Rh2 e5 43. Ke2 e4
44. Kd2 Kd4 45. Ke2 c4 46. Kd2 e3+ 47. Kd1 Kc3 0-1

[Event "Olympiad 98 W"]
[Site "Elista RUS"]
[Date "1998.10.03"]
[Round "05"]
[White "Epstein,E"]
[Black "Mihevc,N"]
[Result "1-0"]
[WhiteElo "2250"]
[BlackElo "2200"]
[WhiteCountry "USA"]
[BlackCountry "SWI"]

1. e4 c5 2. Nf3 e6 3. d3 Nc6 4. g3 g6 5. Bg2 Bg7 6. 0-0 Nge7 7. Re1 d5 8. Nbd2 0-0 9. h4 b6 10. h5 Bb7 11.
hxg6 hxg6 12. Ng5 dxe4 13. dxe4 Qc7 14. Nf1 Rad8 15. Qg4 Nb4 16. Qh4 Rfe8 17. Ne3 Nc8 18. a3 Nc6 19. Ng4
Nd4 20. Nh7 Nxc2 21. Ngf6+ Bxf6 22. Nxf6+ Kf8 23. Bh6+ 1-0

[Event "Olympiad 98 W"]
[Site "Elista RUS"]
[Date "1998.10.04"]
[Round "06"]
[White "Kachiani-Gersinska,K"]
[Black "Belakovskaia,A"]
[Result "1/2 - 1/2"]
[WhiteElo "2420"]
[BlackElo "2380"]
[WhiteCountry "GER"]
[BlackCountry "USA"]

1. d4 Nf6 2. c4 g6 3. Nc3 Bg7 4. e4 d6 5. Be2 0-0 6. Bg5 Na6 7. h4 e5 8. d5 c6
9. h5 cxd5 10. cxd5 Qa5 11. h6 Bh8 12. Bd2 Nc5 13. Rb1 Qb6 14. Be3 a5 15. g4
Qc7 16. f3 a4 17. Nb5 Qd8 18. Nh3 Ne8 19. Qd2 Bf6 20. Nf2 Be7 21. Rc1 b6 22.
Na3 Bd7 23. Nc2 Nc7 24. Na3 Rc8 25. Kf1 Ne8 26. Bb5 Bxb5+ 27. Nxb5 Qd7 28.
Na3 Nc7 29. Qb4 b5 30. Ke2 N7a6 31. Qxb5 Qxb5+ 32. Nxb5 Rb8 33. Na3 Rxb2+
34. Rc2 Rxc2+ 35. Nxc2 Rb8 36. Nd3 Nxd3 37. Kxd3 Bd8 38. Na3 Nb4+ 39. Kd2
Nxa2 40. Nc4 Rb4 41. Nxd6 Rb2+ 42. Kd3 Rb3+ 43. Ke2 Nc3+ 44. Kd2 Ba5 45.
Kc2 Nxd5 46. exd5 Rxe3 47. Ra1 Rc3+ 48. Kb2 Rb3+ 49. Kc2 1/2-1/2

[Event "Olympiad 98 W"]
[Site "Elista RUS"]
[Date "1998.10.04"]
[Round "06"]
[White "Krush,I"]
[Black "Koglin,A"]
[Result "0-1"]
[WhiteElo "2275"]
[BlackElo "2270"]
[WhiteCountry "USA"]
[BlackCountry "GER"]

1. d4 d5 2. c4 e6 3. Nc3 Be7 4. Nf3 Nf6 5. cxd5 exd5 6. Bg5 c6 7. Qc2 g6 8. e3 Bf5 9. Qb3 Qb6 10. Nd2 Nbd7
11. f3 Qxb3 12. Nxb3 h6 13. Bxf6 Nxf6 14. g4 Bd7 15. h4 0-0-0 16. Kf2 Kb8 17. Bd3 Bc8 18. a3 Ne8 19. Na4
Nd6 20. Nd2 f5 21. h5 g5 22. Rhg1 Rdf8 23. Ke2 Bd8 24. b4 Rf6 25. Nc5 Rhf8 26. Rg2 Bc7 27. a4 Re8 28. Ra3
fxg4 29. fxg4 Rf4 30. Bg6 Re7 31. Kd3 Rxg4 32. Rf2 a5 33. bxa5 Rg3 34. Nf1 Rg1 35. a6 b6 36. Rb3 Ka7 37.
Nb7 Nxb7 38. axb7 Bxb7 39. Kd2 g4 40. Bd3 g3 41. Rf3 g2 42. Ng3 Rd1+ 0-1

[Event "Olympiad 98 W"]
[Site "Elista RUS"]
[Date "1998.10.04"]
[Round "06"]
[White "Paehtz,E"]
[Black "Epstein,E"]
[Result "0-1"]
[WhiteElo "2230"]
[BlackElo "2250"]
[WhiteCountry "GER"]
[BlackCountry "USA"]

1. e4 c5 2. Nf3 e6 3. d4 cxd4 4. Nxd4 a6 5. Bd3 Bc5 6. Nb3 Be7 7. 0-0 d6 8. a4
b6 9. Be3 Bb7 10. N1d2 Nd7 11. Qe2 Ngf6 12. f3 0-0 13. Bf2 Ne5 14. Rfd1 Nfd7
15. f4 Nxd3 16. cxd3 Rc8 17. Rdc1 Rxc1+ 18. Rxc1 Qb8 19. Nd4 Rc8 20. Qd1 g6
21. N4f3 Nc5 22. Rc3 Bf6 23. e5 dxe5 24. fxe5 Be7 25. Qc2 Nd7 26. Rxc8+ Bxc8
27. d4 Bb7 28. h4 h5 29. Be3 Qc8 30. Qxc8+ Bxc8 31. Nc4 Bb7 32. Ng5 Bc6 33. a5
bxa5 34. Nxa5 Bd5 35. Bd2 Bd8 36. g3 Bb6 37. Bc3 Nxe5 38. Kf2 Nd3+ 39. Ke3
Nxb2 40. Bxb2 Bxa5 41. Nh3 Be1 42. Nf2 Kg7 43. Ke2 Bb4 44. Nd1 a5 45. Ke3 a4
46. Ke2 Bd6 47. Kf2 Kf6 48. Ne3 a3 49. Ba1 Ke7 50. Nf1 Kd7 51. Nd2 Kc6 52.
Nf1 Kb5 53. Nd2 Kb4 0-1